Statistiken für Größte Stadt beginnend mit N in Diesem Land

Klicken Sie hier um das Quiz zu spielen!

Allgemein

  • Dieses Quiz wurde 123 mal gespielt
  • Das Durchschnittsergebnis liegt bei 10 aus 18

Antwortstatistiken

LandN-Stadt% Korrekt
DeutschlandNürnberg
96%
ItalienNeapel
90%
ZypernNikosia
89%
KeniaNairobi
87%
FrankreichNizza
74%
Vereinigte StaatenNew York
69%
Vereinigtes KönigreichNewcastle
62%
RusslandNowosibirsk
54%
ChinaNanjing
53%
NigerNiamey
49%
SerbienNovi Sad
47%
BelgienNamur
43%
JapanNagoya
42%
NiederlandeNijmegen
35%
SchwedenNorrköping
32%
BrasilienNatal
21%
IndienNagpur
15%
MexikoNezahualcóyotl
4%

Verteilung der Resultate

Perzentil nach korrekt beantworteten Fragen

Anzahl Personen mit jedem Resultat

Ihre Resultats-Entwicklung

Sie haben dieses Quiz noch nicht gespielt